2012 Oklahoma City Thunder Roster - Statistics

General Stats
  • This quiz has been taken 2,158 times
  • The average score is 7 of 16
Answer Stats
Answer % Correct
Kevin Durant
99%
Russell Westbrook
99%
James Harden
87%
Serge Ibaka
85%
Kendrick Perkins
70%
Nick Collison
47%
Thabo Sefolosha
44%
Derek Fisher
36%
Reggie Jackson
34%
Daequan Cook
19%
Eric Maynor
18%
Cole Aldrich
15%
Nazr Mohammed
12%
Royal Ivey
11%
Lazar Hayward
9%
Ryan Reid
5%
No matching quizzes found
Score Distribution
Percent of People with Each Score
Percentile by Number Answered
Your Score History
You have not taken this quiz